00659nam a22002057a 4500999001500000001000600015003000900021005001700030008004100047020001500088040003600103082001600139245008100155260003200236300002000268504001200288650003100300942001200331952011000343 c8449d844922097BD-DhUAP20240319110425.0240319b19982004ii a|||| |||| 001 0ceng d a0333930339 aBD-ChCUbengcBD-ChCUdBD-DhUAP 222a414 RAM aA history of the language and elements of phonetics /c Lalitha Ramamurthi. aIndia :bMacmillan ,c2004. a207 P. :c21 cm aInclude aEnglish Language Phonetics 2ddccBK 00102ddc4070aUAPCLbUAPCLcGeneral Stacksd2024-03-19o414 RAMp3010022097r2024-03-19t1v183.00yBK